2011 Worldwide Box Office - Statistics

General Stats
  • This quiz has been taken 11 times
  • The average score is 7 of 10
Answer Stats
Hint Movie Title Worldwide Box Office (USD) Distributor/Studio Genre % Correct
1 Harry Potter and the Deathly Hallows: Part II $1,311,412,625 Warner Bros. Fantasy
100%
10 Cars 2 $560,155,383 Disney Family/Animation
83%
7 Fast Five $629,975,898 Universal Action
83%
4 Mission: Impossible—Ghost Protocol $694,713,230 Paramount Action
83%
6 Kung Fu Panda 2 $664,837,547 Paramount Family/Animation
67%
3 Pirates of the Caribbean: On Stranger Tides $1,045,713,802 Disney Fantasy/Adventure
67%
8 The Hangover Part II $586,764,305 Warner Bros. Comedy
67%
9 The Smurfs $563,749,323 Sony Family/Fantasy
67%
2 Transformers: Dark of the Moon $1,123,794,079 Paramount Sci-Fi/Fantasy
67%
5 The Twilight Saga: Breaking Dawn Part 1 $682,400,983 Lionsgate Fantasy/Romance
50%
No matching quizzes found
Score Distribution
Percent of People with Each Score
Percentile by Number Answered
Your Score History
You have not taken this quiz